000 00881nam a2200253 a 4500
005 20240924070138.0
008 991125s1988 mx 000 0 spa u
020 _a9682916755
035 _aUPN01000023984
049 _aCG
050 4 _aLC5309 U6
_bC65 1988
100 1 _aMelgar Brizuela, José Luis
245 1 0 _aExpresión y comunicación /
_cLuis Melgar Brizuela, Alonso Ramírez Silva ; colab. Alfredo Hernández Higuera, Dalia Ruiz Avila.
260 _aMéxico :
_bUPN,
_c1988.
300 _axv, 294 p.
500 _a"Sistema de Educación a Distancia"
650 4 _aComunicación en la educación
_91520
650 2 _aEstética
_95739
700 1 _aRamírez Silva, Alonso,
_ecoaut.
_929913
700 1 _aHernández Higuera, Alfredo,
_ecolab.
700 1 _aRuiz Avila, Dalia,
_ecolab.
_935257
710 2 _aUniversidad Pedagógica Nacional (México)
905 _aLibro
999 _c23984
_d23984